[Event "2. Bundesliga West 2010/11"]
[Site "Salzburg"]
[Date "2011.03.12"]
[Round "10"]
[Board "3"]
[White "Micheli, Carlo"]
[Black "Klocker, Benedikt"]
[Result "1/2-1/2"]
[WhiteElo "2263"]
[BlackElo "2211"]
[PlyCount "102"]
[EventDate "2010.10.15"]
[EventType "team"]
[EventRounds "11"]
[EventCountry "AUT"]
[WhiteTeam "Sparkasse Jenbach 2"]
[BlackTeam "Dornbirn"]

1.c4 Nf6 2.g3 g6 3.Bg2 Bg7 4.Nc3 O-O 5.e4 c5 6.Nge2 Nc6 7.d3 Ne8 8.O-O Nc7 9.f4
Rb8 10.Be3 Ne6 11.f5 Ned4 12.Qd2 d6 13.g4 b5 14.cxb5 Nxb5 15.Bh6 Nbd4 16.Bxg7
Kxg7 17.Ng3 Ne5 18.Nd5 Ba6 19.f6+ exf6 20.Nxf6 Ndf3+ 21.Bxf3 Qxf6 22.Be2 Qe6
23.Rf4 Rb4 24.b3 Rd4 25.Qa5 Bxd3 26.Raf1 Rb4 27.Rf6 Qxf6 28.Rxf6 Kxf6 29.Bxd3
Nxd3 30.Qc7 Rb6 31.g5+ Kg7 32.Qxa7 Rfb8 33.Qe7 Ne5 34.Ne2 c4 35.Nd4 Kg8 36.Qc7
cxb3 37.axb3 Kf8 38.b4 Ke8 39.b5 R8b7 40.Qc8+ Ke7 41.Nc6+ Nxc6 42.bxc6 Rb1+
43.Kg2 R1b2+ 44.Kg3 R7b3+ 45.Kg4 Rg2+ 46.Kf4 Rf2+ 47.Kg4 h5+ 48.gxh6 Rg2+ 49.Kh4
Rxh2+ 50.Kg4 Rg2+ 51.Kh4 Rh2+ 1/2-1/2

[Event "2. Bundesliga West 2010/11"]
[Site "Salzburg"]
[Date "2011.03.12"]
[Round "10"]
[Board "4"]
[White "Novkovic, Julia"]
[Black "Hoellrigl, Wilfried"]
[Result "1-0"]
[WhiteElo "2157"]
[BlackElo "2188"]
[PlyCount "91"]
[EventDate "2010.10.15"]
[EventType "team"]
[EventRounds "11"]
[EventCountry "AUT"]
[WhiteTeam "Dornbirn"]
[BlackTeam "Sparkasse Jenbach 2"]

1.e4 c5 2.Nf3 Nc6 3.Nc3 g6 4.d4 cxd4 5.Nxd4 Bg7 6.Be3 Nf6 7.Bc4 O-O 8.Bb3 d6
9.f3 Bd7 10.Qd2 a6 11.h4 h5 12.O-O-O Nxd4 13.Bxd4 b5 14.g4 Rc8 15.gxh5 Nxh5
16.Rdg1 e6 17.Bxg7 Kxg7 18.Qxd6 Qc7 19.Qd4+ Kh7 20.e5 Bc6 21.Qe3 a5 22.a4 bxa4
23.Nxa4 Bd5 24.Rg5 Bxb3 25.Qxb3 Qc4 26.Qxc4 Rxc4 27.Nb6 Rd4 28.Rg4 Rfd8 29.c3
Rd3 30.Rf1 Re3 31.Nc4 Re2 32.Rd1 Rc8 33.Nd6 Rb8 34.Nc4 Rb5 35.Rd2 Re1+ 36.Kc2
Rf1 37.Rd3 Rf2+ 38.Kd1 Ng7 39.Re4 Nf5 40.Nd2 Rh2 41.c4 Rb7 42.c5 Rc7 43.Rc4 Rxh4
44.Ne4 Rh2 45.c6 Ne7 46.Nf6+ 1-0

[Event "2. Bundesliga West 2010/11"]
[Site "Salzburg"]
[Date "2011.03.12"]
[Round "10"]
[Board "5"]
[White "Schnegg, Daniel"]
[Black "Kanonier, Clemens"]
[Result "1-0"]
[WhiteElo "2199"]
[BlackElo "2122"]
[PlyCount "81"]
[EventDate "2010.10.15"]
[EventType "team"]
[EventRounds "11"]
[EventCountry "AUT"]
[WhiteTeam "Sparkasse Jenbach 2"]
[BlackTeam "Dornbirn"]

1.e4 e5 2.Nf3 Nc6 3.Bb5 a6 4.Ba4 Nf6 5.O-O Nxe4 6.Re1 Nc5 7.Bxc6 dxc6 8.Nxe5 Be7
9.d4 Ne6 10.c3 O-O 11.Qb3 Qd5 12.Nd2 a5 13.Ndf3 a4 14.Qc2 f6 15.Ng4 Bd6 16.Ne3
Qh5 17.Nf5 Ng5 18.Bxg5 fxg5 19.Ne7+ Kh8 20.Nxc8 Raxc8 21.Ne5 Rf4 22.Re3 Rcf8
23.Rf1 c5 24.Rh3 Rh4 25.Rxh4 gxh4 26.f4 cxd4 27.cxd4 Qf5 28.Qf2 Qe4 29.g3 g5
30.Re1 Qd5 31.Nd7 Rf7 32.Re8+ Kg7 33.Ne5 Rf5 34.a3 c5 35.Rd8 cxd4 36.Rd7+ Kg8
37.Qc2 d3 38.Qxd3 Bc5+ 39.Kf1 Qh1+ 40.Ke2 Qxh2+ 41.Kd1 1-0

[Event "2. Bundesliga West 2010/11"]
[Site "Salzburg"]
[Date "2011.03.12"]
[Round "10"]
[Board "6"]
[White "Kessler, Luca"]
[Black "Schnegg, Anna-Lena"]
[Result "0-1"]
[WhiteElo "2097"]
[BlackElo "1893"]
[PlyCount "76"]
[EventDate "2010.10.15"]
[EventType "team"]
[EventRounds "11"]
[EventCountry "AUT"]
[WhiteTeam "Dornbirn"]
[BlackTeam "Sparkasse Jenbach 2"]

1.d4 d5 2.c4 e6 3.Nf3 Be7 4.g3 Nf6 5.Bg2 O-O 6.O-O c6 7.Qc2 b6 8.Nbd2 Ba6 9.b3
Nbd7 10.Bb2 Rc8 11.Rfe1 c5 12.e4 dxc4 13.bxc4 cxd4 14.e5 Nd5 15.Bxd4 Qc7 16.Qa4
Bxc4 17.Nxc4 Qxc4 18.Qxc4 Rxc4 19.Bf1 Rc7 20.a4 Bc5 21.Rac1 Bxd4 22.Nxd4 Rxc1
23.Rxc1 Nxe5 24.a5 g6 25.a6 Nd7 26.Nb3 Rd8 27.Bb5 Kf8 28.Kf1 N7f6 29.f3 Ne8
30.Bc6 Rc8 31.Nd4 Ne7 32.f4 Nxc6 33.Rxc6 Rxc6 34.Nxc6 Nc7 35.Nxa7 Nxa6 36.Ke2
Nc7 37.Kd3 Ke8 38.Kd4 Kd7 0-1

[Event "2. Bundesliga West 2010/11"]
[Site "Salzburg"]
[Date "2011.03.12"]
[Round "10"]
[Board "1"]
[White "Hommeles, Theo"]
[Black "Medvegy, Zoltan"]
[Result "0-1"]
[WhiteElo "2426"]
[BlackElo "2522"]
[PlyCount "70"]
[EventDate "2010.10.15"]
[EventType "team"]
[EventRounds "11"]
[EventCountry "AUT"]
[WhiteTeam "Bregenz"]
[BlackTeam "ATSV Ranshofen"]

1.e4 g6 2.d4 Bg7 3.Nc3 c6 4.f4 d5 5.e5 Nh6 6.Nf3 f6 7.Be2 Bg4 8.Nh4 Bxe2 9.Nxe2
O-O 10.O-O Qb6 11.Kh1 Na6 12.Nf3 Nf7 13.c3 fxe5 14.fxe5 c5 15.Be3 c4 16.Qd2 Nc7
17.h3 Qc6 18.Nh2 b5 19.Ng1 Rab8 20.Ng4 a5 21.Rf3 b4 22.Raf1 Ne6 23.Qf2 Nfg5
24.Qh4 Nxf3 25.gxf3 bxc3 26.bxc3 Qd7 27.Ne2 Rb2 28.Ng3 Qb7 29.Bh6 Rb1 30.Bxg7
Rxf1+ 31.Nxf1 Kxg7 32.Qh6+ Kg8 33.Kg2 Qb2+ 34.Kg3 Qxc3 35.Nge3 Qxd4 0-1

[Event "2. Bundesliga West 2010/11"]
[Site "Salzburg"]
[Date "2011.03.12"]
[Round "10"]
[Board "2"]
[White "Menacher, Manfred"]
[Black "Weindl, Alfred"]
[Result "1/2-1/2"]
[WhiteElo "2290"]
[BlackElo "2374"]
[PlyCount "96"]
[EventDate "2010.10.15"]
[EventType "team"]
[EventRounds "11"]
[EventCountry "AUT"]
[WhiteTeam "ATSV Ranshofen"]
[BlackTeam "Bregenz"]

1.Nf3 Nf6 2.c4 g6 3.d4 Bg7 4.g3 O-O 5.Bg2 d6 6.O-O Nbd7 7.Nc3 e5 8.e4 c6 9.b3
Re8 10.d5 Nc5 11.Ne1 a5 12.Ba3 cxd5 13.cxd5 b6 14.f3 Bh6 15.Bc1 Bxc1 16.Rxc1 b5
17.Rf2 Qb6 18.Bf1 Bd7 19.Kg2 Rec8 20.Rfc2 Rc7 21.Qe2 b4 22.Nb1 a4 23.Nd2 axb3
24.axb3 Qb8 25.f4 Qe8 26.Nef3 exf4 27.e5 Nxd5 28.exd6 Ne3+ 29.Kg1 Rcc8 30.Rxc5
Rxc5 31.Rxc5 Ra1 32.gxf4 Qe6 33.f5 gxf5 34.Ng5 Nxf1 35.Nxe6 Ng3+ 36.Kf2 Nxe2
37.Ng5 Nc3 38.Rc7 Ra2 39.Ngf3 Ne4+ 40.Ke3 Nxd2 41.Nxd2 f4+ 42.Kxf4 Rxd2 43.Rxd7
Rxh2 44.Rb7 Kg7 45.Ke5 Rh5+ 46.Kd4 Kf6 47.Re7 Rh1 48.Kc4 Rc1+ 1/2-1/2

[Event "2. Bundesliga West 2010/11"]
[Site "Salzburg"]
[Date "2011.03.12"]
[Round "10"]
[Board "3"]
[White "Herbrechtsmeier, Christof"]
[Black "Dovzik, Juri"]
[Result "1/2-1/2"]
[WhiteElo "2288"]
[BlackElo "2381"]
[PlyCount "129"]
[EventDate "2010.10.15"]
[EventType "team"]
[EventRounds "11"]
[EventCountry "AUT"]
[WhiteTeam "Bregenz"]
[BlackTeam "ATSV Ranshofen"]

1.e4 c5 2.Nf3 Nc6 3.d4 cxd4 4.Nxd4 e6 5.Nc3 Qc7 6.Be2 a6 7.Be3 Nf6 8.O-O Be7
9.f4 d6 10.Qe1 O-O 11.Qg3 Nxd4 12.Bxd4 b5 13.a3 Bb7 14.Bd3 Rad8 15.Kh1 Rd7
16.Rae1 Re8 17.e5 dxe5 18.Bxe5 Qd8 19.f5 Bd6 20.Bxd6 Rxd6 21.fxe6 Rdxe6 22.Rxe6
Rxe6 23.h3 g5 24.Be2 Kg7 25.Bf3 Bxf3 26.Qxf3 Qd4 27.Rd1 Qe5 28.Qd3 Nh5 29.Qd4
Ng3+ 30.Kh2 Nf1+ 31.Kg1 Qxd4+ 32.Rxd4 Ne3 33.a4 bxa4 34.Rxa4 Nxc2 35.Nd5 Rd6
36.Ra5 Nd4 37.Nc7 Rb6 38.Rxa6 Rxb2 39.Ne8+ Kf8 40.Nf6 Ne2+ 41.Kf2 Nf4+ 42.Kf3
Nxg2 43.Nxh7+ Kg7 44.Nxg5 Nh4+ 45.Kg3 Nf5+ 46.Kf3 Rb3+ 47.Kf4 Rb1 48.Ra7 Rf1+
49.Ke4 Nd6+ 50.Kd3 Rf5 51.h4 Rf1 52.Ke2 Rf5 53.Rd7 Rf6 54.Ra7 Nf5 55.Nf3 Rb6
56.Ne5 Rf6 57.Nf3 Kh6 58.Ng5 Nd6 59.Ra6 Kh5 60.Nxf7 Rxf7 61.Rxd6 Rf4 62.Ke3 Rxh4
63.Kf2 Rb4 64.Kg2 Rb2+ 65.Kg1 1/2-1/2

[Event "2. Bundesliga West 2010/11"]
[Site "Salzburg"]
[Date "2011.03.12"]
[Round "10"]
[Board "4"]
[White "Sadilek, Peter"]
[Black "Poettinger, Harald"]
[Result "1/2-1/2"]
[WhiteElo "2213"]
[BlackElo "2202"]
[PlyCount "61"]
[EventDate "2010.10.15"]
[EventType "team"]
[EventRounds "11"]
[EventCountry "AUT"]
[WhiteTeam "ATSV Ranshofen"]
[BlackTeam "Bregenz"]

1.b3 e5 2.Bb2 Nc6 3.e3 Nf6 4.c4 Bd6 5.Nc3 O-O 6.a3 Re8 7.Qc2 Bf8 8.Nge2 b6
9.O-O-O Bb7 10.d4 exd4 11.Nxd4 Nxd4 12.Rxd4 Qe7 13.Be2 g6 14.Bf3 Bxf3 15.gxf3
Bg7 16.Kb1 d6 17.h4 Qd7 18.h5 Re5 19.hxg6 hxg6 20.Rdh4 Rh5 21.Rxh5 Nxh5 22.Ka2
Re8 23.Nd5 f5 24.Bxg7 Qxg7 25.Rxh5 gxh5 26.Qxf5 Re5 27.Qc8+ Kh7 28.f4 Rxd5
29.cxd5 Qc3 30.Qf5+ Kg7 31.Qg5+ 1/2-1/2

[Event "2. Bundesliga West 2010/11"]
[Site "Salzburg"]
[Date "2011.03.12"]
[Round "10"]
[Board "5"]
[White "Bezler, Rainer"]
[Black "Ager, Josef"]
[Result "0-1"]
[WhiteElo "2269"]
[BlackElo "2213"]
[PlyCount "82"]
[EventDate "2010.10.15"]
[EventType "team"]
[EventRounds "11"]
[EventCountry "AUT"]
[WhiteTeam "Bregenz"]
[BlackTeam "ATSV Ranshofen"]

1.c4 g6 2.g3 Bg7 3.Bg2 e6 4.Nf3 d5 5.d4 Ne7 6.Nbd2 Nbc6 7.e3 O-O 8.O-O a5 9.b3
b6 10.Bb2 Bb7 11.a3 Nf5 12.Qc2 Qe7 13.Rac1 Rac8 14.Rfe1 Rfd8 15.h4 Qf8 16.Ne5
Nxe5 17.dxe5 c5 18.cxd5 exd5 19.Nc4 dxc4 20.Bxb7 cxb3 21.Qxb3 Rb8 22.Be4 Ne7
23.a4 Qe8 24.f4 Nc6 25.h5 Kf8 26.e6 Bxb2 27.Qxb2 Qxe6 28.Bxc6 Qxc6 29.h6 Qe4
30.Qc3 Ke7 31.Rcd1 f6 32.Kf2 Qxa4 33.Rxd8 Rxd8 34.Re2 Rd5 35.g4 Qb4 36.Qa1 Qe4
37.Qb2 Rd6 38.Qb5 Kd8 39.Qa6 Kc7 40.Qb5 g5 41.Kg3 Rd1 0-1

[Event "2. Bundesliga West 2010/11"]
[Site "Salzburg"]
[Date "2011.03.12"]
[Round "10"]
[Board "6"]
[White "Riediger, Martin"]
[Black "Mira, Helene"]
[Result "1/2-1/2"]
[WhiteElo "2252"]
[BlackElo "2133"]
[PlyCount "72"]
[EventDate "2010.10.15"]
[EventType "team"]
[EventRounds "11"]
[EventCountry "AUT"]
[WhiteTeam "ATSV Ranshofen"]
[BlackTeam "Bregenz"]

1.Nf3 d5 2.d4 Nf6 3.c4 c6 4.e3 Bf5 5.cxd5 Nxd5 6.Nc3 e6 7.Bc4 Nd7 8.O-O Be7
9.Qe2 Nxc3 10.bxc3 O-O 11.a4 Qa5 12.Bb2 Bg6 13.Nd2 Nb6 14.Bb3 c5 15.Rfc1 cxd4
16.cxd4 Rfc8 17.Nc4 Nxc4 18.Rxc4 Rxc4 19.Qxc4 Qd8 20.Rc1 Be4 21.Bd1 Qd5 22.Bb3
Qxc4 23.Bxc4 Bc6 24.Bb3 Bb4 25.Bc3 Bxc3 26.Rxc3 Kf8 27.f3 Ke7 28.Kf2 Rd8 29.Ke2
f5 30.Kd3 e5 31.Rc5 exd4 32.exd4 g6 33.Re5+ Kd6 34.Ra5 a6 35.Rc5 b6 36.Rc1 Be8 1/2-1/2

[Event "2. Bundesliga West 2010/11"]
[Site "Salzburg"]
[Date "2011.03.12"]
[Round "10"]
[Board "1"]
[White "Eisenbeiser, Amadeus"]
[Black "Zelcic, Robert"]
[Result "1/2-1/2"]
[WhiteElo "2397"]
[BlackElo "2554"]
[PlyCount "118"]
[EventDate "2010.10.15"]
[EventType "team"]
[EventRounds "11"]
[EventCountry "AUT"]
[WhiteTeam "Goetzis"]
[BlackTeam "Schwarzach"]

1.e4 c6 2.d4 d5 3.Nc3 dxe4 4.Nxe4 Bf5 5.Ng3 Bg6 6.h4 h6 7.Nh3 e6 8.Nf4 Bh7 9.Be3
Nf6 10.Bd3 Bxd3 11.Qxd3 Nbd7 12.O-O-O Qc7 13.Nfh5 Nxh5 14.Nxh5 Qa5 15.d5 Qxd5
16.Qxd5 cxd5 17.Bd4 f6 18.Rh3 e5 19.Be3 g6 20.Ng3 d4 21.Bd2 h5 22.f4 O-O-O 23.f5
gxf5 24.Nxf5 Rg8 25.Rg3 Bc5 26.Rf1 Rxg3 27.Nxg3 Rg8 28.Be1 Kd8 29.Rf5 Bb4 30.Bf2
Ke7 31.Rxh5 Ke6 32.Rh7 Rg4 33.a3 Bf8 34.Kd1 e4 35.Ne2 e3 36.Bg3 Nc5 37.Bf4 Kf5
38.g3 Ne6 39.Bb8 Bg7 40.Rh5+ Ke4 41.Rb5 f5 42.Rxb7 f4 43.Nxf4 Nxf4 44.Bxf4 Bf6
45.Ke2 Bxh4 46.Rb4 a5 47.Rc4 Bxg3 48.Bxe3 Be5 49.Bxd4 Bxd4 50.c3 Rg2+ 51.Kd1
Rxb2 52.Rxd4+ Ke5 53.Kc1 Ra2 54.Kb1 Rh2 55.Rd1 Rg2 56.Rd4 Rh2 57.Kc1 Ra2 58.Rd3
Rxa3 59.Kc2 Ra4 1/2-1/2

[Event "2. Bundesliga West 2010/11"]
[Site "Salzburg"]
[Date "2011.03.12"]
[Round "10"]
[Board "2"]
[White "Krstic, Uros"]
[Black "Schloetzer, Waldemar"]
[Result "1-0"]
[WhiteElo "2410"]
[BlackElo "2282"]
[PlyCount "121"]
[EventDate "2010.10.15"]
[EventType "team"]
[EventRounds "11"]
[EventCountry "AUT"]
[WhiteTeam "Schwarzach"]
[BlackTeam "Goetzis"]

1.e4 c6 2.d4 d5 3.Nd2 dxe4 4.Nxe4 Bf5 5.Ng3 Bg6 6.h4 h6 7.Nf3 Nd7 8.h5 Bh7 9.Bd3
Bxd3 10.Qxd3 e6 11.Bf4 Qa5+ 12.Bd2 Bb4 13.c3 Be7 14.c4 Qc7 15.Ne4 Ngf6 16.Nxf6+
Bxf6 17.O-O-O Rd8 18.Qc2 e5 19.dxe5 Nxe5 20.Nxe5 Bxe5 21.f4 Rxd2 22.Rxd2 Bxf4
23.Re1+ Kf8 24.Qf5 Bxd2+ 25.Kxd2 Qd6+ 26.Kc1 g6 27.hxg6 Qxg6 28.Qc8+ Kg7 29.Qxb7
Qg5+ 30.Kb1 Qf5+ 31.Ka1 Re8 32.Rb1 Qc5 33.a3 Re2 34.Qb3 Rxg2 35.Qc3+ Kg8 36.Ka2
Rg4 37.Rc1 h5 38.Rc2 h4 39.Qd3 Qd4 40.Qf3 Qe4 41.Qf2 Rg3 42.Rc1 Qe3 43.Qc2 h3
44.Rd1 Qe5 45.Rd2 Kg7 46.Re2 Qd4 47.Rd2 Qg4 48.Rd8 Re3 49.Rd2 f6 50.Qa4 Re2
51.Rd8 Re7 52.Qxc6 Qe4 53.Qc8 h2 54.Rg8+ Kf7 55.Rh8 Re8 56.Rxe8 h1=Q 57.Qd7+ Kg6
58.Rg8+ Kh5 59.Qf7+ Kh4 60.Qxf6+ Kh3 61.Qh6+ 1-0

[Event "2. Bundesliga West 2010/11"]
[Site "Salzburg"]
[Date "2011.03.12"]
[Round "10"]
[Board "3"]
[White "Krassowizkij, Jaroslaw"]
[Black "Hecht, Hans-Joachim"]
[Result "1-0"]
[WhiteElo "2244"]
[BlackElo "2374"]
[PlyCount "67"]
[EventDate "2010.10.15"]
[EventType "team"]
[EventRounds "11"]
[EventCountry "AUT"]
[WhiteTeam "Goetzis"]
[BlackTeam "Schwarzach"]

1.d4 e6 2.c4 Bb4+ 3.Bd2 Qe7 4.Nf3 Nf6 5.g3 Nc6 6.Nc3 d5 7.a3 Bxc3 8.Bxc3 O-O
9.Bg2 Rd8 10.O-O Ne4 11.Qc2 a5 12.b3 Nxc3 13.Qxc3 e5 14.dxe5 d4 15.Qb2 Bg4
16.Rfd1 Qc5 17.Rd2 a4 18.b4 Qxc4 19.Rad1 Qb3 20.Qa1 Bxf3 21.Bxf3 Re8 22.Bxc6
bxc6 23.Rxd4 h6 24.R1d3 Qc2 25.Rd2 Qb3 26.R4d3 Qe6 27.Rd7 Rac8 28.f4 c5 29.bxc5
Rb8 30.Qd4 Rb3 31.Qxa4 Rc3 32.Rd8 Rxd8 33.Rxd8+ Kh7 34.Qe4+ 1-0

[Event "2. Bundesliga West 2010/11"]
[Site "Salzburg"]
[Date "2011.03.12"]
[Round "10"]
[Board "4"]
[White "Ljubic, Juro"]
[Black "Scheffknecht, Philipp"]
[Result "0-1"]
[WhiteElo "2186"]
[BlackElo "2118"]
[PlyCount "86"]
[EventDate "2010.10.15"]
[EventType "team"]
[EventRounds "11"]
[EventCountry "AUT"]
[WhiteTeam "Schwarzach"]
[BlackTeam "Goetzis"]

1.e4 c5 2.d3 d6 3.f4 g6 4.Nf3 Bg7 5.Be2 Nc6 6.O-O Nf6 7.c3 c4 8.Kh1 O-O 9.Na3
cxd3 10.Qxd3 a6 11.Nd4 Bd7 12.Bf3 Qc7 13.Be3 Rad8 14.Rfd1 Rfe8 15.Qc2 Nxd4
16.cxd4 Qxc2 17.Nxc2 Rc8 18.Rac1 Bg4 19.Nb4 Bxf3 20.gxf3 a5 21.Nd3 Rc6 22.Rxc6
bxc6 23.Rc1 Rc8 24.b3 Kf8 25.Bd2 Nh5 26.e5 Bh6 27.Bxa5 dxe5 28.d5 c5 29.Nxc5 Ke8
30.b4 Bxf4 31.Rd1 Be3 32.Bb6 Nf4 33.a4 Bd4 34.a5 Nxd5 35.Rb1 Nxb6 36.axb6 Rb8
37.b7 Bxc5 38.bxc5 Kd7 39.Kg2 Kc6 40.Re1 f6 41.f4 Rxb7 42.fxe5 f5 43.Kf3 Rb4 0-1

[Event "2. Bundesliga West 2010/11"]
[Site "Salzburg"]
[Date "2011.03.12"]
[Round "10"]
[Board "5"]
[White "Kranz, Armin"]
[Black "Huber, David"]
[Result "1-0"]
[WhiteElo "2104"]
[BlackElo "2142"]
[PlyCount "70"]
[EventDate "2010.10.15"]
[EventType "team"]
[EventRounds "11"]
[EventCountry "AUT"]
[WhiteTeam "Goetzis"]
[BlackTeam "Schwarzach"]

1.d4 Nf6 2.c4 Nc6 3.Nf3 e6 4.g3 Bb4+ 5.Bd2 Qe7 6.Bg2 O-O 7.O-O Bxd2 8.Qxd2 d6
9.Nc3 e5 10.d5 Na5 11.b3 b6 12.e4 Nh5 13.Rae1 f5 14.exf5 Bxf5 15.Ng5 h6 16.Ne6
Bxe6 17.dxe6 c6 18.Bh3 Nb7 19.f4 exf4 20.gxf4 Nxf4 21.Rxf4 Qg5+ 22.Qg2 Qxf4
23.e7 Qd4+ 24.Kh1 Qxc3 25.exf8=Q+ Rxf8 26.Rg1 Nc5 27.Bg4 Nd3 28.Be6+ Kh8 29.Qxc6
Nf2+ 30.Kg2 Qe3 31.Qd5 Ne4 32.Bg4 Qf4 33.Bd1 Qf2+ 34.Kh1 Qf4 35.Kg2 Rf5 1-0

[Event "2. Bundesliga West 2010/11"]
[Site "Salzburg"]
[Date "2011.03.12"]
[Round "10"]
[Board "6"]
[White "Stoeckl, Norbert"]
[Black "Ferk, Martin"]
[Result "1-0"]
[WhiteElo "2053"]
[BlackElo "1980"]
[PlyCount "63"]
[EventDate "2010.10.15"]
[EventType "team"]
[EventRounds "11"]
[EventCountry "AUT"]
[WhiteTeam "Schwarzach"]
[BlackTeam "Goetzis"]

1.e4 e6 2.d4 d5 3.Nd2 dxe4 4.Nxe4 Nd7 5.Nf3 Ngf6 6.Bd3 c5 7.Bg5 Be7 8.Ng3 Qc7
9.O-O O-O 10.Re1 Bd6 11.Qd2 b6 12.Rad1 c4 13.Bf1 Bb7 14.Qe2 b5 15.Ne5 h6 16.Bc1
Rfe8 17.Nh5 Nxh5 18.Qxh5 Nf6 19.Qh4 Qe7 20.Qg3 Nh5 21.Qh3 Nf6 22.Re3 Rad8
23.Rde1 h5 24.b3 Bc7 25.c3 Bd5 26.bxc4 bxc4 27.Qh4 Bxe5 28.Rxe5 Qc7 29.Bg5 Qa5
30.Bxf6 gxf6 31.Qxf6 Kf8 32.Rxh5 1-0

[Event "2. Bundesliga West 2010/11"]
[Site "Salzburg"]
[Date "2011.03.13"]
[Round "11"]
[Board "1"]
[White "Schmidt, Georg"]
[Black "Heinzel, Olaf"]
[Result "1/2-1/2"]
[WhiteElo "2362"]
[BlackElo "2327"]
[PlyCount "81"]
[EventDate "2010.10.15"]
[EventType "team"]
[EventRounds "11"]
[EventCountry "AUT"]
[WhiteTeam "Mozart 1910"]
[BlackTeam "Rochade Rum"]

1.e4 d5 2.exd5 Qxd5 3.Nc3 Qd6 4.d4 Nf6 5.Nf3 c6 6.Ne5 Nbd7 7.Bf4 Nd5 8.Nxd5 Qxd5
9.Nf3 Nb6 10.Be3 Bg4 11.Be2 e6 12.O-O Be7 13.h3 Bh5 14.Ne5 Bxe2 15.Qxe2 O-O
16.c4 Qd8 17.Rad1 Nd7 18.Nf3 Qc7 19.b3 Rfe8 20.Rd3 a5 21.Rfd1 a4 22.Bc1 axb3
23.axb3 Bf6 24.Qc2 e5 25.dxe5 Nxe5 26.Nxe5 Qxe5 27.Be3 Red8 28.Rxd8+ Rxd8
29.Rxd8+ Bxd8 30.Qd3 Bc7 31.g3 Qd6 32.Qf5 Qe6 33.Qxe6 fxe6 34.Kg2 Kf7 35.Kf3 e5
36.Ke4 Ke6 37.g4 g6 38.f3 Ba5 39.Bh6 Bb4 40.Bg7 Bd6 41.Bh8 1/2-1/2

[Event "2. Bundesliga West 2010/11"]
[Site "Salzburg"]
[Date "2011.03.13"]
[Round "11"]
[Board "3"]
[White "Hanel, Reinhard"]
[Black "Eybl, Alexander"]
[Result "1-0"]
[WhiteElo "2275"]
[BlackElo "2278"]
[PlyCount "37"]
[EventDate "2010.10.15"]
[EventType "team"]
[EventRounds "11"]
[EventCountry "AUT"]
[WhiteTeam "Mozart 1910"]
[BlackTeam "Rochade Rum"]

1.c4 e6 2.Nc3 d5 3.d4 Nf6 4.Nf3 Nbd7 5.cxd5 exd5 6.Bf4 c6 7.e3 Be7 8.Qc2 Nh5
9.Bg3 Nxg3 10.hxg3 Nf6 11.Bd3 g6 12.O-O-O Bg4 13.Rde1 Bxf3 14.gxf3 Bb4 15.g4 Qa5
16.g5 Nh5 17.f4 Bxc3 18.Qxc3 Qxa2 19.Kd2 1-0

[Event "2. Bundesliga West 2010/11"]
[Site "Salzburg"]
[Date "2011.03.13"]
[Round "11"]
[Board "4"]
[White "Hengl, Christian"]
[Black "Peterwagner, Heinz"]
[Result "1-0"]
[WhiteElo "2193"]
[BlackElo "2156"]
[PlyCount "47"]
[EventDate "2010.10.15"]
[EventType "team"]
[EventRounds "11"]
[EventCountry "AUT"]
[WhiteTeam "Rochade Rum"]
[BlackTeam "Mozart 1910"]

1.e4 c5 2.Nc3 Nc6 3.g3 g6 4.Bg2 Bg7 5.d3 e6 6.f4 Nge7 7.Nf3 d6 8.O-O Rb8 9.Be3
Nd4 10.e5 Nef5 11.Bf2 dxe5 12.Nxe5 O-O 13.Ne4 f6 14.Nc4 b6 15.c3 Nb5 16.Qb3 Nbd6
17.Ncxd6 Nxd6 18.Nxc5 Re8 19.Rfe1 Nf7 20.Nxe6 Bxe6 21.Rxe6 Qxd3 22.Bd5 Rxe6
23.Bxe6 Rb7 24.Rd1 1-0

[Event "2. Bundesliga West 2010/11"]
[Site "Salzburg"]
[Date "2011.03.13"]
[Round "11"]
[Board "5"]
[White "Donegani, Peter"]
[Black "Jedinger, Andreas"]
[Result "1/2-1/2"]
[WhiteElo "2103"]
[BlackElo "2177"]
[PlyCount "57"]
[EventDate "2010.10.15"]
[EventType "team"]
[EventRounds "11"]
[EventCountry "AUT"]
[WhiteTeam "Mozart 1910"]
[BlackTeam "Rochade Rum"]

1.e4 e5 2.Nf3 Nc6 3.d4 exd4 4.Nxd4 Nf6 5.Nxc6 bxc6 6.e5 Qe7 7.Qe2 Nd5 8.c4 Ba6
9.b3 g6 10.g3 Bg7 11.Bb2 O-O 12.Bg2 Rae8 13.O-O Bxe5 14.Bxe5 Qxe5 15.Qxe5 Rxe5
16.cxd5 Bxf1 17.Kxf1 cxd5 18.Nc3 c6 19.Bf3 f5 20.Rd1 g5 21.h3 Rfe8 22.Bh5 R8e7
23.Be2 Kg7 24.Bf3 Kg6 25.Be2 h5 26.Bd3 Kf6 27.Be2 Kg6 28.Bd3 Kf6 29.Be2 1/2-1/2

[Event "2. Bundesliga West 2010/11"]
[Site "Salzburg"]
[Date "2011.03.13"]
[Round "11"]
[Board "1"]
[White "Koepke, Christian"]
[Black "Dizdar, Goran"]
[Result "0-1"]
[WhiteElo "2381"]
[BlackElo "2555"]
[PlyCount "60"]
[EventDate "2010.10.15"]
[EventType "team"]
[EventRounds "11"]
[EventCountry "AUT"]
[WhiteTeam "Hypo Kufstein"]
[BlackTeam "SC Absam"]

1.e4 e6 2.d4 d5 3.Nc3 Nf6 4.e5 Nfd7 5.f4 c5 6.Nf3 Nc6 7.Be3 Be7 8.Qd2 O-O 9.Be2
b6 10.Nd1 cxd4 11.Nxd4 Bb7 12.O-O Nc5 13.Nf2 Qd7 14.Rad1 Rac8 15.c3 Nxd4 16.Bxd4
Qa4 17.b4 Ne4 18.Qe3 Qa3 19.Nxe4 dxe4 20.f5 exf5 21.Rxf5 Qxa2 22.Rdf1 Bd5 23.Rh5
Rc6 24.Rf2 Rg6 25.Bg4 Qb3 26.Qh3 h6 27.Bf5 e3 28.Bxe3 Qxc3 29.Bxg6 fxg6 30.Rxf8+
Bxf8 0-1

[Event "2. Bundesliga West 2010/11"]
[Site "Salzburg"]
[Date "2011.03.13"]
[Round "11"]
[Board "2"]
[White "Schmittdiel, Eckhard"]
[Black "Berchtenbreiter, Maximilian"]
[Result "1/2-1/2"]
[WhiteElo "2485"]
[BlackElo "2232"]
[PlyCount "106"]
[EventDate "2010.10.15"]
[EventType "team"]
[EventRounds "11"]
[EventCountry "AUT"]
[WhiteTeam "SC Absam"]
[BlackTeam "Hypo Kufstein"]

1.e4 e6 2.d4 d5 3.Nc3 Nf6 4.exd5 exd5 5.Bg5 Be7 6.Bd3 Nc6 7.Nge2 Bg4 8.f3 Bh5
9.Ng3 Bg6 10.Nf5 Bxf5 11.Bxf5 g6 12.Bh3 O-O 13.O-O Re8 14.Qd2 Nh5 15.f4 Ng7
16.Rae1 Bxg5 17.fxg5 Rxe1 18.Rxe1 Ne7 19.Nd1 Nc8 20.Nf2 Nd6 21.c3 f5 22.gxf6
Qxf6 23.Ng4 Qh4 24.Rf1 Ngf5 25.Qf4 Re8 26.Ne5 Qxf4 27.Rxf4 a5 28.a4 Ne3 29.Rf2
Kg7 30.b3 Rf8 31.Nf3 Re8 32.Ng5 Nd1 33.Ne6+ Rxe6 34.Bxe6 Nxf2 35.Kxf2 Ne4+
36.Ke3 Nxc3 37.Kd3 Na2 38.Bxd5 Nb4+ 39.Ke4 Nxd5 40.Kxd5 Kf6 41.Kc5 Ke6 42.Kb5
Kd5 43.Kxa5 Kxd4 44.Kb5 Kc3 45.b4 Kd4 46.a5 g5 47.g4 Kd5 48.h3 h6 49.a6 c6+
50.Kb6 bxa6 51.Kxa6 Ke6 52.Ka7 Ke7 53.Ka8 Ke6 1/2-1/2

[Event "2. Bundesliga West 2010/11"]
[Site "Salzburg"]
[Date "2011.03.13"]
[Round "11"]
[Board "3"]
[White "Neuschmied, Siegfried"]
[Black "De, Francesco Klaus"]
[Result "1-0"]
[WhiteElo "2309"]
[BlackElo "2290"]
[PlyCount "109"]
[EventDate "2010.10.15"]
[EventType "team"]
[EventRounds "11"]
[EventCountry "AUT"]
[WhiteTeam "Hypo Kufstein"]
[BlackTeam "SC Absam"]

1.e4 e6 2.d4 d5 3.Nd2 h6 4.e5 c5 5.c3 Nc6 6.Ndf3 cxd4 7.cxd4 Bb4+ 8.Bd2 Qb6
9.Bxb4 Qxb4+ 10.Qd2 Qxd2+ 11.Kxd2 Bd7 12.Rc1 Nge7 13.Bd3 Nc8 14.Ne2 Nb6 15.b3
Ke7 16.Bb1 Rhc8 17.Ne1 Be8 18.f4 a5 19.a4 Nb4 20.Nc3 Rc7 21.f5 Rac8 22.Rf1 Bd7
23.f6+ gxf6 24.exf6+ Kd6 25.Nf3 Rg8 26.g3 Rcc8 27.Ne5 Rcf8 28.Rf4 Bc6 29.Rh4 Nd7
30.Nxd7 Bxd7 31.Re1 Rh8 32.Re5 Be8 33.Reh5 Nc6 34.Nb5+ Kd7 35.Ke3 Kd8 36.Rxh6
Rxh6 37.Rxh6 Nb8 38.Nc3 Bc6 39.g4 Nd7 40.g5 e5 41.Bf5 Rg8 42.h4 Re8 43.Rh7 exd4+
44.Kxd4 Ne5 45.Nxd5 Nf3+ 46.Kc5 Bxd5 47.Kxd5 Re1 48.Bg4 Ne5 49.Rh8+ Kc7 50.Rc8+
Kb6 51.Bh5 Nc6 52.Bxf7 Re5+ 53.Kd6 Re2 54.Rxc6+ bxc6 55.Bc4 1-0

[Event "2. Bundesliga West 2010/11"]
[Site "Salzburg"]
[Date "2011.03.13"]
[Round "11"]
[Board "4"]
[White "Duer, Werner"]
[Black "Levushkina,  Elena"]
[Result "0-1"]
[WhiteElo "2262"]
[BlackElo "2345"]
[PlyCount "78"]
[EventDate "2010.10.15"]
[EventType "team"]
[EventRounds "11"]
[EventCountry "AUT"]
[WhiteTeam "SC Absam"]
[BlackTeam "Hypo Kufstein"]

1.Nf3 d5 2.e3 Nf6 3.d4 e6 4.Bd3 c5 5.b3 Nc6 6.O-O Bd6 7.Bb2 Qe7 8.Ne5 O-O 9.a3
Qc7 10.f4 Ne4 11.Nd2 f6 12.Nxc6 Qxc6 13.c4 f5 14.Nf3 b6 15.Rc1 a5 16.cxd5 exd5
17.dxc5 bxc5 18.Nd4 Qb7 19.Nb5 Be7 20.Be5 Rd8 21.Rf3 Ra6 22.Rh3 Rg6 23.Bc7 Rf8
24.Bxa5 Be6 25.Nc7 Bf7 26.Be2 d4 27.Bh5 Bxb3 28.Bxg6 Bxd1 29.Bxh7+ Kf7 30.Bxf5
Bd6 31.Be6+ Ke7 32.Bd5 Qb2 33.Rxd1 Qf2+ 34.Kh1 Qc2 35.Re1 Nf2+ 36.Kg1 Nxh3+
37.gxh3 dxe3 38.Be4 Bxc7 39.Bxc7 e2 0-1